| 000 | 00418nam a2200157Ia 4500 | ||
|---|---|---|---|
| 008 | 240729s9999 xx 000 0 und d | ||
| 022 | _a2357-2205 | ||
| 245 | 0 | _aAsia Pacific Journal of Mathematics | |
| 260 | _aNew Zealand | ||
| 260 | _bAsia Pacific Academic | ||
| 650 | _a Mathematics | ||
| 650 | _aScience | ||
| 856 | _uhttps://doaj.org/toc/ad4bbf6c855248a58bafa585841f2b16 | ||
| 942 | _2ddc | ||
| 942 | _cDOAJEJ | ||
| 999 |
_c70152 _d70152 |
||
| 945 |
_a1 _bMadushi Gamage _c1 _dMadushi Gamage |
||